01112nam0a22002531 4500001001000000005001700010035002600027100004100053101000800094102000700102105001800109200017700127210007500304215002200379225018900401300004500590300007900635320003300714700002300747701002900770801001800799801002200817852001900839rc\76349520250622123405.0 a(NLR Aleph) 006290928 a20040301d1985 |||y0rusy50 ca0 arus aRU aa |||||||||1 aТенденция развития автоклавных процессов в производстве тяжелых цветных металлов за рубежом aМ.cЦНИИ цветмет экономики и информ.d1985 a40 с.cил.d201 aПроизводство тяжелых цветных металловeОбзор. информ.fЦНИИ экономики и информ. цв. металлургииvВып. 7 aНа обл. авт. не указаны aВ надзаг. также: М-во цв. металлургии СССР aБиблиогр.: с. 37-39 1aПыжовbС.С. 1aУрубковаbЭ.И. 0aRUbNLRgpsbo 1aRUbELAR2rusmarc aNLRjП10/5576